Robots in film - Statistics

General Stats
  • This quiz has been taken 35 times
  • The average score is 7 of 25
Answer Stats
Hint Answer % Correct
Ultron Avengers: Age of Ultron
71%
R2-D2 Star Wars: A New Hope
68%
T-1000 Terminator 2: Judgment Day
65%
HAL 9000 2001: A Space Odyssey
61%
Jarvis Iron Man
55%
Starscream Transformers
52%
C3PO Star Wars: Return of the Jedi
42%
Bishop Aliens
35%
MSE-6 Star Wars: The Empire Strikes Back
35%
BB-8 Star Wars: The Force Awakens
35%
Robby the Robot Forbidden Planet
19%
Ava Ex Machina
16%
David A.I.
13%
Fembot Austin Powers: International Man of Mystery
13%
Maschinenmensch Metropolis
13%
Atom Real Steel
13%
ED-209 Robocop
13%
Data Star Trek: Generations
13%
Gort The Day the Earth Stood Still
13%
Pris Blade Runner
10%
Obsidian Fury Pacific Rim
10%
STEM Upgrade
6%
Scout Chappie
0%
Arthur Passengers
0%
Icarus Sunshine
0%
No matching quizzes found
Score Distribution
Percent of People with Each Score
Percentile by Number Answered
Your Score History
You have not taken this quiz